Countries In Asia On A World Map - Statistics

General Stats
  • This quiz has been taken 28 times
  • The average score is 39 of 48
Answers on the Map
Answers color-coded by a green-red scale on the quiz's map according to % correct below.
 
Answer Stats
Country % Correct
China
100%
India
100%
Indonesia
100%
North Korea
100%
South Korea
100%
Japan
95%
Malaysia
95%
Myanmar
95%
Pakistan
95%
Vietnam
95%
Bangladesh
90%
Laos
90%
Mongolia
90%
Philippines
90%
Thailand
90%
Afghanistan
85%
Bhutan
85%
Cambodia
85%
Iran
85%
Iraq
85%
Kazakhstan
85%
Nepal
85%
Oman
85%
Sri Lanka
85%
Yemen
85%
Kyrgyzstan
80%
Saudi Arabia
80%
Taiwan
80%
Tajikistan
80%
Uzbekistan
80%
Qatar
75%
Turkey
75%
Turkmenistan
75%
Brunei
70%
Jordan
70%
Palestine
70%
Singapore
70%
Syria
70%
United Arab Emirates
70%
Armenia
65%
Azerbaijan
65%
Bahrain
65%
Kuwait
65%
Maldives
65%
Cyprus
60%
Georgia
60%
Lebanon
60%
East Timor
50%
No matching quizzes found
Score Distribution
Percent of People with Each Score
Percentile by Number Answered
Your Score History
You have not taken this quiz